[Event "Aeroflot Open Rapid Qualifier 2013"]
[Site "Moscow RUS"]
[Date "2013.02.13"]
[Round "7.8"]
[White "Le, Quang Liem"]
[Black "Bukavshin, Ivan"]
[Result "1/2-1/2"]
[WhiteTitle "GM"]
[BlackTitle "GM"]
[WhiteElo "2705"]
[BlackElo "2522"]
[WhiteFideId "12401137"]
[BlackFideId "4199758"]
[EventDate "2013.02.12"]

1. Nf3 d5 2. d4 Nf6 3. c4 e6 4. g3 dxc4 5. Bg2 Bb4+ 6. Bd2 a5 7. O-O O-O 8. Qc2
b5 9. a4 c6 10. axb5 Bxd2 11. Nfxd2 Qxd4 12. bxc6 Nd5 13. Ra4 Ba6 14. Nxc4 Nxc6
15. Bxd5 Qxd5 16. Nb6 Nd4 17. Nxd5 Nxc2 18. Nc7 Ra7 19. Rxa5 Rxc7 20. Rxa6 Rb7
21. Ra2 Nb4 22. Ra4 Nc2 23. Ra2 Nb4 24. Ra3 Nc2 25. Rd3 Rxb2 26. Rd2 Rfb8 27.
Nc3 Na3 28. Rxb2 Rxb2 29. Ra1 Rb3 30. Ne4 Rb1+ 31. Rxb1 Nxb1 1/2-1/2

[Event "Aeroflot Open Rapid Qualifier 2013"]
[Site "Moscow RUS"]
[Date "2013.02.13"]
[Round "7.9"]
[White "Kravtsiv, Martyn"]
[Black "Korobov, Anton"]
[Result "0-1"]
[WhiteTitle "GM"]
[BlackTitle "GM"]
[WhiteElo "2597"]
[BlackElo "2702"]
[WhiteFideId "14113147"]
[BlackFideId "14105730"]
[EventDate "2013.02.12"]

1. e4 c5 2. Nf3 d6 3. d4 cxd4 4. Nxd4 Nf6 5. Nc3 a6 6. Be3 e6 7. Be2 Nbd7 8. O-O
Qc7 9. a4 Nc5 10. Bf3 Be7 11. a5 Rb8 12. Qe2 O-O 13. Qc4 Nfd7 14. Bf4 b5 15.
axb6 Nxb6 16. Qe2 e5 17. b4 exf4 18. bxc5 dxc5 19. Nf5 Bf6 20. Ra3 Be6 21. Rd1
g6 22. Nh6+ Kg7 23. Ng4 Bxc3 24. Rxc3 h5 0-1

[Event "Aeroflot Open Rapid Qualifier 2013"]
[Site "Moscow RUS"]
[Date "2013.02.13"]
[Round "7.10"]
[White "Jobava, Baadur"]
[Black "Reshetnikov, Alexey"]
[Result "0-1"]
[WhiteTitle "GM"]
[BlackTitle "IM"]
[WhiteElo "2702"]
[BlackElo "2508"]
[WhiteFideId "13601520"]
[BlackFideId "4162080"]
[EventDate "2013.02.12"]

1. b3 b6 2. Bb2 Bb7 3. e3 Nf6 4. Nf3 e6 5. Nc3 c5 6. d4 d6 7. Qd2 Nbd7 8. O-O-O
a6 9. Kb1 b5 10. Qe1 cxd4 11. exd4 Be7 12. Bd3 O-O 13. Ng5 Rc8 14. h4 Nb6 15.
Rh3 Qc7 16. d5 Bxd5 17. Rg3 g6 18. Nxd5 Nbxd5 19. Nxe6 fxe6 20. Qxe6+ Rf7 21.
Bf5 Re8 22. Rxd5 Bd8 23. Rf3 gxf5 24. Qxf5 Re1+ 25. Bc1 Nxd5 26. Qxd5 Kf8 27.
Rg3 0-1

[Event "Aeroflot Open Rapid Qualifier 2013"]
[Site "Moscow RUS"]
[Date "2013.02.13"]
[Round "7.11"]
[White "Volkov, Sergey"]
[Black "Khismatullin, Denis"]
[Result "1-0"]
[WhiteTitle "GM"]
[BlackTitle "GM"]
[WhiteElo "2593"]
[BlackElo "2655"]
[WhiteFideId "4122763"]
[BlackFideId "4142578"]
[EventDate "2013.02.12"]

1. d4 e6 2. c4 b6 3. Nc3 Bb4 4. e4 Bb7 5. Qc2 Bxc3+ 6. bxc3 Ne7 7. Nf3 d6 8. Bd3
Qd7 9. O-O Nbc6 10. Be3 Na5 11. Nd2 Ba6 12. f4 f5 13. d5 O-O 14. Rae1 exd5 15.
cxd5 Bxd3 16. Qxd3 Rae8 17. c4 c6 18. Bd4 fxe4 19. Nxe4 cxd5 20. cxd5 h6 21. Ba1
Nb7 22. Qg3 Nxd5 23. f5 Qf7 24. f6 g6 25. h4 Kh7 26. Qh3 Kg8 27. Bb2 Kh7 28. a4
a6 29. Bc1 b5 30. axb5 axb5 31. h5 Rg8 32. hxg6+ Rxg6 33. Ng5+ Rxg5 34. Bxg5 Rh8
35. Bxh6 Kg6 36. Rf3 Rxh6 37. Qf5# 1-0

[Event "Aeroflot Open Rapid Qualifier 2013"]
[Site "Moscow RUS"]
[Date "2013.02.13"]
[Round "7.14"]
[White "Vorobiov, Evgeny E."]
[Black "Shimanov, Aleksandr"]
[Result "0-1"]
[WhiteTitle "GM"]
[BlackTitle "GM"]
[WhiteElo "2584"]
[BlackElo "2640"]
[WhiteFideId "4121341"]
[BlackFideId "4198603"]
[EventDate "2013.02.12"]

1. d4 Nf6 2. c4 g6 3. Nc3 Bg7 4. e4 O-O 5. f4 d6 6. Nf3 Na6 7. Bd3 e5 8. fxe5
dxe5 9. d5 c5 10. Bg5 h6 11. Bh4 Qe8 12. Bc2 Nh5 13. Ba4 Bd7 14. Bxd7 Qxd7 15.
O-O Nf4 16. Bg3 g5 17. Ne1 Nc7 18. Nc2 Ne8 19. Ne3 Nd6 20. Be1 f5 21. exf5 Nxf5
22. Nxf5 Qxf5 23. Bd2 e4 24. Be3 Qe5 25. Qg4 h5 26. Qd7 Rf7 27. Qb5 b6 28. g3
Raf8 29. Qc6 Nh3+ 30. Kg2 Rf3 31. d6 Rxe3 32. Rxf8+ Bxf8 33. d7 Rd3 34. Qg6+ Qg7
35. Qxg7+ Kxg7 36. Nd5 Rd2+ 37. Kxh3 g4+ 38. Kh4 Kh6 39. Rh1 Rxd5 0-1

[Event "Aeroflot Open Rapid Qualifier 2013"]
[Site "Moscow RUS"]
[Date "2013.02.13"]
[Round "7.15"]
[White "Shomoev, Anton"]
[Black "Ganguly, Surya Shekhar"]
[Result "1-0"]
[WhiteTitle "GM"]
[BlackTitle "GM"]
[WhiteElo "2557"]
[BlackElo "2626"]
[WhiteFideId "4135148"]
[BlackFideId "5002150"]
[EventDate "2013.02.12"]

1. c4 Nf6 2. Nc3 g6 3. e4 d6 4. d4 Bg7 5. Nf3 O-O 6. Be2 e5 7. O-O exd4 8. Nxd4
Re8 9. f3 c6 10. Kh1 Nh5 11. g4 Nf6 12. Bf4 h5 13. Nf5 gxf5 14. gxf5 Nbd7 15.
Rg1 Kh8 16. Qe1 Ne5 17. Qh4 Nh7 18. Qxh5 Qe7 19. Rg3 Nd7 20. Rag1 Nf6 21. Qh4
Nxe4 22. Qxh7+ Kxh7 23. Rxg7+ Kh8 24. fxe4 Bxf5 25. exf5 Rg8 26. R7g3 Rxg3 27.
Rxg3 Rg8 28. Rh3+ Kg7 29. Bh6+ Kf6 30. Re3 Qc7 31. Bd3 Qb6 32. Ne4+ Kxf5 33.
Ng3+ Kg4 34. Bf5+ Kh4 35. Re4+ 1-0

[Event "Aeroflot Open Rapid Qualifier 2013"]
[Site "Moscow RUS"]
[Date "2013.02.13"]
[Round "7.16"]
[White "Bryzgalin, Kirill"]
[Black "Smirnov, Pavel"]
[Result "0-1"]
[WhiteTitle "GM"]
[BlackTitle "GM"]
[WhiteElo "2483"]
[BlackElo "2618"]
[WhiteFideId "4133285"]
[BlackFideId "4123425"]
[EventDate "2013.02.12"]

1. d4 Nf6 2. Nf3 d5 3. c4 e6 4. cxd5 exd5 5. Bf4 Bd6 6. Bxd6 Qxd6 7. e3 Bf5 8.
Qa4+ Nbd7 9. Nc3 O-O 10. Be2 c6 11. O-O Rfe8 12. Rac1 h6 13. b4 b5 14. Qa5 a6
15. Rfd1 Reb8 16. h3 Nb6 17. Ne5 Nc4 18. Bxc4 dxc4 19. f3 Bh7 20. a4 Nd5 21.
Nxd5 cxd5 22. Rd2 f6 23. Ng4 Qc6 24. e4 dxe4 25. d5 Qd6 26. fxe4 Bxe4 27. Nf2
Bg6 28. Rdd1 Kh7 29. Rc3 h5 30. Rcc1 Rc8 31. axb5 axb5 32. Qxb5 Be8 33. Qxc4
Rxc4 34. Rxc4 Ra2 35. Rcd4 Bg6 36. R4d2 Rxd2 37. Rxd2 Qxb4 38. Rd1 Bc2 39. Ra1 0-1

[Event "Aeroflot Open Rapid Qualifier 2013"]
[Site "Moscow RUS"]
[Date "2013.02.13"]
[Round "8.12"]
[White "Evdokimov, Alexander A."]
[Black "Fressinet, Laurent"]
[Result "1/2-1/2"]
[WhiteTitle "GM"]
[BlackTitle "GM"]
[WhiteElo "2558"]
[BlackElo "2706"]
[WhiteFideId "4139275"]
[BlackFideId "608742"]
[EventDate "2013.02.12"]

1. d4 d5 2. c4 c6 3. Nf3 Nf6 4. e3 Bf5 5. Nc3 e6 6. Nh4 Be4 7. Qb3 Qc7 8. f3 Bg6
9. Bd2 Be7 10. Nxg6 hxg6 11. g3 a6 12. O-O-O dxc4 13. Bxc4 b5 14. Be2 c5 15.
dxc5 Nbd7 16. Kb1 Nxc5 17. Qc2 Rc8 18. Rc1 O-O 19. g4 Qb7 20. a3 Na4 21. Qb3
Rfd8 22. Rhd1 Nb6 23. Be1 Nfd7 24. Ne4 Nd5 25. Ba5 Re8 26. h4 Rxc1+ 27. Rxc1 Rc8
28. Rh1 Qa7 29. Bd2 Ne5 30. h5 gxh5 31. Rxh5 Nc4 32. Bxc4 bxc4 33. Qd1 g6 34.
Rh2 Bf8 35. Nc3 Bg7 36. Qc1 Qb8 37. Rh3 Qb3 38. e4 Nxc3+ 39. Bxc3 Bxc3 40. Qxc3
Qxc3 41. bxc3 Rd8 42. Kc2 Rd3 43. g5 e5 44. a4 Kg7 45. a5 f6 46. gxf6+ Kxf6 47.
Rg3 g5 48. Kb2 Kg6 49. Rh3 Rd1 50. Rh8 Rf1 51. Rf8 Kg7 52. Rf5 Kg6 53. Ka3 Rb1
54. Rxe5 Rb3+ 55. Ka4 Rxc3 56. Re6+ Kf7 57. Rxa6 Rxf3 58. Rc6 g4 59. a6 g3 60.
a7 Rf1 61. Ra6 Ra1+ 62. Kb5 Rxa6 63. Kxa6 g2 64. a8=Q g1=Q 65. Qd5+ Ke7 66. Qxc4
Qb1 67. Qd5 Qb4 68. Qe5+ Kd7 69. Qf5+ Ke7 70. Qh7+ Ke6 71. Qg6+ Ke7 72. Qg5+ Ke6
73. Qd5+ Ke7 74. e5 Qa4+ 75. Kb6 Qb4+ 76. Kc6 Qc3+ 77. Kb5 Qb2+ 78. Kc5 Qc3+ 79.
Kb5 Qb2+ 80. Kc6 1/2-1/2

[Event "Aeroflot Open Rapid Qualifier 2013"]
[Site "Moscow RUS"]
[Date "2013.02.13"]
[Round "8.14"]
[White "Zvjaginsev, Vadim"]
[Black "Goganov, Aleksey"]
[Result "1-0"]
[WhiteTitle "GM"]
[BlackTitle "IM"]
[WhiteElo "2658"]
[BlackElo "2550"]
[WhiteFideId "4113403"]
[BlackFideId "24109959"]
[EventDate "2013.02.12"]

1. c4 g6 2. Nf3 Bg7 3. e4 d6 4. d4 Nf6 5. Nc3 O-O 6. Be2 e5 7. d5 a5 8. Bg5 Qe8
9. Nd2 Na6 10. h4 Bd7 11. h5 Nc5 12. Be3 c6 13. g4 cxd5 14. cxd5 Qb8 15. g5 Ne8
16. a4 f5 17. Bxc5 dxc5 18. Bb5 Bc8 19. h6 Bh8 20. Bxe8 Rxe8 21. Qb3 Ra6 22.
O-O-O Qd6 23. Nc4 Qd8 24. Rhg1 fxe4 25. Nxe4 Qe7 26. Qb5 Qf8 27. Nxc5 e4 28. d6
Rc6 29. d7 Rd8 30. Rd5 Qxf2 31. Rgd1 Bxd7 32. Rxd7 Rxd7 33. Nxd7 Rxc4+ 34. Qxc4+ 1-0

[Event "Aeroflot Open Rapid Qualifier 2013"]
[Site "Moscow RUS"]
[Date "2013.02.13"]
[Round "8.16"]
[White "Ibragimov, Ildar"]
[Black "Popov, Ivan RUS"]
[Result "0-1"]
[WhiteTitle "GM"]
[BlackTitle "GM"]
[WhiteElo "2555"]
[BlackElo "2627"]
[WhiteFideId "4102878"]
[BlackFideId "4170350"]
[EventDate "2013.02.12"]

1. d4 d5 2. c4 c6 3. Nc3 dxc4 4. a4 e5 5. Nf3 exd4 6. Nxd4 Bc5 7. Be3 Qa5 8. Nb5
Bxe3 9. Nd6+ Kf8 10. fxe3 Qc7 11. g3 Na6 12. Bg2 Be6 13. e4 Rd8 14. e5 Qb6 15.
Qd2 Nc5 16. Rd1 Nh6 17. a5 Qxa5 18. O-O Nd7 19. Nxf7 Qc5+ 20. Kh1 Nxf7 21. Ne4
Qxe5 22. Qb4+ Kg8 23. Qe7 Bd5 24. Qh4 Re8 25. Rf4 Nf8 0-1

[Event "Aeroflot Open Rapid Qualifier 2013"]
[Site "Moscow RUS"]
[Date "2013.02.13"]
[Round "9.6"]
[White "Volkov, Sergey"]
[Black "Zvjaginsev, Vadim"]
[Result "1/2-1/2"]
[WhiteTitle "GM"]
[BlackTitle "GM"]
[WhiteElo "2593"]
[BlackElo "2658"]
[WhiteFideId "4122763"]
[BlackFideId "4113403"]
[EventDate "2013.02.12"]

1. d4 d5 2. c4 e6 3. Nc3 Be7 4. cxd5 exd5 5. Bf4 Nf6 6. e3 O-O 7. Nf3 c5 8. dxc5
Bxc5 9. Be2 Nc6 10. O-O Be6 11. Rc1 1/2-1/2

[Event "Aeroflot Open Rapid Qualifier 2013"]
[Site "Moscow RUS"]
[Date "2013.02.13"]
[Round "9.8"]
[White "Shomoev, Anton"]
[Black "Kokarev, Dmitry"]
[Result "1/2-1/2"]
[WhiteTitle "GM"]
[BlackTitle "GM"]
[WhiteElo "2557"]
[BlackElo "2635"]
[WhiteFideId "4135148"]
[BlackFideId "4132181"]
[EventDate "2013.02.12"]

1. d4 Nf6 2. c4 g6 3. Nc3 Bg7 4. e4 d6 5. Nf3 O-O 6. Be2 e5 7. O-O Nc6 8. d5 Ne7
9. b4 Nh5 10. Re1 f5 11. Ng5 Nf6 12. f3 1/2-1/2

[Event "Aeroflot Open Rapid Qualifier 2013"]
[Site "Moscow RUS"]
[Date "2013.02.13"]
[Round "9.12"]
[White "Inarkiev, Ernesto"]
[Black "Dlugy, Maxim"]
[Result "1/2-1/2"]
[WhiteTitle "GM"]
[BlackTitle "GM"]
[WhiteElo "2688"]
[BlackElo "2524"]
[WhiteFideId "4162722"]
[BlackFideId "2000075"]
[EventDate "2013.02.12"]

1. d4 d5 2. c4 dxc4 3. Nf3 a6 4. a4 Nc6 5. e3 Bg4 6. Bxc4 e6 7. O-O Nf6 8. b3
Bd6 9. Bb2 Qe7 10. h3 Bh5 11. Nbd2 O-O 12. Be2 Rfd8 13. Ne5 Bxe2 14. Nxc6 Bxd1
15. Nxe7+ Bxe7 16. Rfxd1 Rac8 17. Rac1 Kf8 18. Nc4 Bb4 19. Kf1 Ke7 20. Ke2 Ne8 1/2-1/2

[Event "Aeroflot Open Rapid Qualifier 2013"]
[Site "Moscow RUS"]
[Date "2013.02.13"]
[Round "9.15"]
[White "Gupta, Abhijeet"]
[Black "Mozharov, Mikhail"]
[Result "1-0"]
[WhiteTitle "GM"]
[BlackTitle "IM"]
[WhiteElo "2612"]
[BlackElo "2510"]
[WhiteFideId "5010608"]
[BlackFideId "4189825"]
[EventDate "2013.02.12"]

1. d4 d5 2. c4 e6 3. Nf3 c6 4. Nc3 Nf6 5. g3 Nbd7 6. Bg2 b6 7. O-O Ba6 8. cxd5
cxd5 9. Bf4 Nh5 10. Qa4 Nxf4 11. Qxa6 Nxg2 12. Kxg2 Qc8 13. Qxc8+ Rxc8 14. Rfc1
a6 15. Na4 Rb8 16. Rc6 b5 17. Nc5 Bxc5 18. dxc5 Ke7 19. b4 Ra8 20. a4 bxa4 21.
Rxa4 Rhb8 22. Rcxa6 Rxa6 23. Rxa6 Rxb4 24. Ra7 Ke8 25. c6 Nb6 26. Rb7 f6 27.
Rb8+ 1-0

[Event "Aeroflot Open Rapid Qualifier 2013"]
[Site "Moscow RUS"]
[Date "2013.02.13"]
[Round "9.16"]
[White "Fressinet, Laurent"]
[Black "Lintchevski, Daniil"]
[Result "0-1"]
[WhiteTitle "GM"]
[BlackTitle "GM"]
[WhiteElo "2706"]
[BlackElo "2528"]
[WhiteFideId "608742"]
[BlackFideId "4171055"]
[EventDate "2013.02.12"]

1. d4 d5 2. c4 dxc4 3. e3 e6 4. Bxc4 Nf6 5. Nf3 c5 6. O-O a6 7. Nc3 b5 8. Be2
Nbd7 9. d5 exd5 10. Nxd5 Bb7 11. Nxf6+ Nxf6 12. a4 b4 13. Qxd8+ Rxd8 14. Nd2 Bd6
15. e4 Nxe4 16. Nxe4 Bxe4 17. Bxa6 O-O 18. Be3 Bc2 19. a5 b3 20. Bb7 Be5 21.
Bxc5 Bxb2 22. Ra4 Rfe8 23. g3 Bc3 24. a6 b2 25. Ra3 Be1 26. Bb6 b1=Q 27. Bxd8
Rxd8 28. Re3 Bxf2+ 29. Kxf2 Rd2+ 30. Kg1 Qb6 31. Re1 g6 32. Kh1 Bd3 0-1